PROFFESSIONAL AND ETHICAL ISSUES IN NURSING (Record no. 2226)

MARC details
000 -LEADER
fixed length control field 00445nam a22001697a 4500
003 - CONTROL NUMBER IDENTIFIER
control field OSt
005 - DATE AND TIME OF LATEST TRANSACTION
control field 20210906153730.0
008 - FIXED-LENGTH DATA ELEMENTS--GENERAL INFORMATION
fixed length control field 210906b |||||||| |||| 00| 0 eng d
020 ## - INTERNATIONAL STANDARD BOOK NUMBER
International Standard Book Number 0-7020-2685-9
040 ## - CATALOGING SOURCE
Original cataloging agency DDC
Transcribing agency HU
082 ## - DEWEY DECIMAL CLASSIFICATION NUMBER
Edition number 3RD
Classification number 344.7304
Item number 1
100 ## - MAIN ENTRY--PERSONAL NAME
Personal name PHILIP ,BURNARD
9 (RLIN) 1845
245 ## - TITLE STATEMENT
Title PROFFESSIONAL AND ETHICAL ISSUES IN NURSING
250 ## - EDITION STATEMENT
Edition statement 3RD
260 ## - PUBLICATION, DISTRIBUTION, ETC.
Place of publication, distribution, etc. EDINBURGH LONDON
Name of publisher, distributor, etc. BAILLIERE TINDALL
Date of publication, distribution, etc. 2004
942 ## - ADDED ENTRY ELEMENTS (KOHA)
Source of classification or shelving scheme Dewey Decimal Classification
Koha item type Books like text book referance book
Suppress in OPAC No
Holdings
Withdrawn status Lost status Source of classification or shelving scheme Damaged status Not for loan Home library Current library Date acquired Total Checkouts Full call number Barcode Date last seen Copy number Price effective from Koha item type
    Dewey Decimal Classification     College of Medicine and Health’s Sciences Library College of Medicine and Health’s Sciences Library 09/06/2021   344.7304-B8-1993 CMHSL00000254 09/06/2021 1 09/06/2021 Books like text book referance book